000 00367cam a2200157ua 4500
003 OSt
008 221129b |||||||| |||| 00| 0 eng d
041 _aeng
082 _a428.1
_bPAR/CH
100 _aPartridge , Eric .
_95315
245 _aCharm of words /
250 _a1 /
260 _a London :
_bHamish Hamilton ,
_c1961.
300 _a190 ; .
942 _cBK
999 _c3277
_d3277